| 000 | 00802cam a2200265u 4500 | ||
|---|---|---|---|
| 001 | 14527 | ||
| 003 | BD-RjUL | ||
| 005 | 20211208235638.0 | ||
| 008 | 140206s1949 ohu 001 0 eng | ||
| 035 | _a(BD-RjUL)14580 | ||
| 040 |
_aDLC _cCarP _dDLC _dBD-RjUL _beng |
||
| 041 | _aeng | ||
| 082 |
_a657 _bNOA 1949 |
||
| 100 | 1 |
_aNoble, Howard S. _q(Howard Scott), _d1893- _945307 |
|
| 245 | 0 | 0 |
_aAccounting principles / _cHoward S. Noble |
| 250 | _a5th ed. | ||
| 260 |
_aCincinnati : _bSouth-western Pub. Co., _cc1949. |
||
| 300 |
_ax, 677 p. : _bill. ; _c23 cm. |
||
| 504 | _aIncludes index. | ||
| 650 | 0 |
_aAccounting. _945308 |
|
| 700 | 1 |
_aMcKinsey, James Oscar, _d1889-1937. _tAccounting principles. [from old catalog] _945309 |
|
| 942 |
_2ddc _cBK |
||
| 999 |
_c14527 _d14527 |
||